000
00305nam a22001337a 4500
008
190304b xxu||||| |||| 00| 0 eng d
020
_a
0316897175
041
_a
eng
080
_2
2nd
_a
530
100
_a
43
101
_a
FIZ
245
_a
Physics a general introduction
_c
Heuvelen,A.V
942
_2
udc
_c
BK
999
_c
54410
_d
54410